Efecto de diversas dosis de riego por goteo sobre el crecimiento y reproducción del cultivo de tempate (Jatropha Curcas L.)

El siguiente trabajo describe un ensayo de riego por goteo aplicado al cultivo del tempate (Ja troplia curcas) en dos variedades, como son la variedad Nicaragua y la variedad Cabo verde. Dicho ensayo está ubicado en el departamento de León en la cooperativa Juan de Dios Muñoz, municipio de Telica...

Full description

Bibliographic Details
Main Author: Gutiérrez Espinoza, Eva Isabel
Other Authors: Tutor: Chamorro Blandón, Francisco Efraín
Format: Tesis Section = Libro
Language:Undetermined
Spanish
Published: Managua UNI 1996
Subjects:
LEADER 01273nam a2200217Ia 4500
008 240830s9999 xx 000 0 und d
040 |a BIBLIOTECA-RUPAP Mon 631.7 G984 
041 |a spa 
082 |a Mon 631.7 G984 
100 1 |a Gutiérrez Espinoza, Eva Isabel 
245 1 0 |a Efecto de diversas dosis de riego por goteo sobre el crecimiento y reproducción del cultivo de tempate (Jatropha Curcas L.) 
260 |a Managua  |b UNI  |c 1996 
300 |a p. irreg. :il. 
502 |a Tesis (Ingeniero Agrícola)- UNI, 1996. 
520 3 |a El siguiente trabajo describe un ensayo de riego por goteo aplicado al cultivo del tempate (Ja troplia curcas) en dos variedades, como son la variedad Nicaragua y la variedad Cabo verde. Dicho ensayo está ubicado en el departamento de León en la cooperativa Juan de Dios Muñoz, municipio de Telica. En este trabajo se realiza una descripción del sistema de riego, cálculos de las diferentes dosis de agua aplicadas en los tratamientos, toma de datos de campo y los análisis para poder determinar y comparar el comportamiento de los diferentes tratamientos. 
650 7 |a RIEGO 
650 7 |b PLANTAS - AGUAS REQUERIDAS 
700 1 |a Tutor:  |b Chamorro Blandón, Francisco Efraín 
942 |c BK  |2 ddc 
991 |a TESIS 
999 |c 16718